00566 2200157 4500001002100000008004100021035002000062245008800082100006100170260007700231300001100308084001200319082000800331650005100339990001800390INLIS000000000000596 ind  a0010-0724000596 aKebijaksanaan OperasionalcDepartemen pendidikan dan kebudayaan provinsi jawa timur aDepartemen pendidikan dan kebudayaan provinsi jawa timur aSurabayabDepartemen pendidikan dan kebudayaan provinsi jawa timurc1992 a75 hlm a371 KEB a371 aInstitusi Pendidikan, Sekolah dan Aktifitasnya aP29/CP/24/596